[Event "Eastern Asia-ch U12"]
[Site "Tornelo INT"]
[Date "2021.10.30"]
[Round "4"]
[White "Daakshin, Arun"]
[Black "Sreekumar, Sidharth"]
[Result "0-1"]
[WhiteElo "1461"]
[BlackElo "1193"]
[PlyCount "58"]
[EventDate "2021.10.29"]
[EventType "swiss"]
[EventRounds "9"]
[EventCountry "NET"]
[SourceTitle "EXT 2023"]
[Source "ChessBase"]
[SourceDate "2022.10.05"]
[SourceVersion "1"]
[SourceVersionDate "2022.10.05"]
[SourceQuality "1"]

1. d4 Nf6 2. c4 g6 3. Nc3 d5 4. cxd5 Nxd5 5. Bd2 Bg7 6. e4 Nxc3 7. Bxc3 0-0 8. Qd2 Nd7 9. Nf3 b6 10. Bd3 e6 11. 0-0 Bb7 12. Rad1 c5 13. d5 exd5 14. exd5 Nf6 15. Bc2 Qxd5 16. Qf4 Nh5 17. Qh4 Qc6 18. Rfe1 Rfe8 19. Bb3 Bxc3 20. bxc3 Qf6 21. Ng5 Rxe1+ 22. Rxe1 h6 23. Bxf7+ Kg7 24. Re6 hxg5 25. Qh3 Qxf7 26. Qe3 Kf8 27. Qe5 Rd8 28. Qh8+ Qg8 29. Qh6+ Qg7 0-1